Salta al contenuto

Конструкция двигателей УМЗ-4216 учебное пособие

Учебное пособие «Конструкция двигателей УМЗ-4216» предназначено для лабораторных занятий студентов инженерного факультета по специальностям: 190601.62 - Эксплуатация транспортно-технологических машин и комплексов; 110800.62 «Агроинженерия»....

Descrizione completa

Salvato in:
Dettagli Bibliografici
Autore principale: Лиханов В. А.
Altri autori: Деветьяров Р. Р.
Natura: Книга
Lingua:Russian
Pubblicazione: Киров Вятский ГАТУ 2014
Accesso online:https://e.lanbook.com/book/246785
https://e.lanbook.com/img/cover/book/246785.jpg
Tags: Aggiungi Tag
Nessun Tag, puoi essere il primo ad aggiungerne! !
LEADER 01423nam0a2200253 i 4500
001 246785
003 RuSpLAN
005 20221220174200.0
008 221220s2014 ru gs 000 0 rus
040 |a RuSpLAN 
041 0 |a rus 
044 |a ru 
080 |a 631.372 
245 0 0 |a Конструкция двигателей УМЗ-4216  |b учебное пособие  |c Лиханов В. А.,Деветьяров Р. Р. 
260 |a Киров  |b Вятский ГАТУ  |c 2014 
300 |a 61 с. 
504 |a Библиогр.: доступна в карточке книги, на сайте ЭБС Лань 
520 8 |a Учебное пособие «Конструкция двигателей УМЗ-4216» предназначено для лабораторных занятий студентов инженерного факультета по специальностям: 190601.62 - Эксплуатация транспортно-технологических машин и комплексов; 110800.62 «Агроинженерия». 
521 8 |a Книга из коллекции Вятский ГАТУ - Инженерно-технические науки 
100 1 |a Лиханов В. А. 
700 1 |a Деветьяров Р. Р. 
856 4 |u https://e.lanbook.com/book/246785 
856 4 8 |u https://e.lanbook.com/img/cover/book/246785.jpg 
953 |a https://e.lanbook.com/img/cover/book/246785.jpg